| 000 | 00493cam a2200193ua 4500 | ||
|---|---|---|---|
| 020 | _c649.00 | ||
| 041 |
_aeng _h |
||
| 082 |
_a005.369 _bTIC/AU |
||
| 100 | _aTickoo, Sham . | ||
| 245 |
_aAutoCAD 2009 for engineersand designers / _cSham Tickoo. _hTextual Documents |
||
| 260 |
_aNew Delhi : _bDreamtech Press , _c2009. |
||
| 300 | _a ; . | ||
| 365 | _a649.00 | ||
| 504 | _a | ||
| 700 | 1 | _aSingh, Vivek Kumar . | |
| 700 | 1 | _aSwapna, D . | |
| 942 | _cBK | ||
| 999 |
_c13444 _d13444 |
||